Title in the lyrics - Australian songs #2 - Statistics

General Stats
  • This quiz has been taken 38 times
  • The average score is 6 of 25
Answer Stats
Answer % Correct
That′s the way it′s gonna be little darlin' / We′ll be riding on {the} {horses}, yeah yeah / Way up in the sky little darlin' / And if you fall I′ll pick you up, pick you up
81%
And he's holding her in his arms late, late at night / You know, I wish that I had / {Jessie's} {girl} / I wish that I had {Jessie's} {girl} / Where can I find a woman like that?
66%
How can we dance / When our earth is turning / How do we sleep / While our {beds} {are} {burning}
66%
{You're} {the} {voice}, try and understand it / Make a noise and make it clear / Oh, whoa / We're not gonna sit in silence / We're not gonna live with fear / Oh, whoa
47%
I / I was standing / You were there / Two worlds collided / And they could {never} {tear} {us} {apart}
44%
Lady, running down to the {riptide} / Taken away to the dark side / I wanna be your left hand man
44%
I don't want anybody else / When I think about you / {I} {touch} {myself} / Oh, I don't want anybody else / Oh no, oh no, oh no
38%
Hey yeah you with the sad face / Come up to my place and {live} {it} {up} / You beside the dance floor / What do you cry for let's {live} {it} {up}
34%
Johnny, we were always best of friends / Stick together and defend / But you {run} {to} {paradise} / And Mamma, now don't you worry 'bout me anymore / And I see you crying at the door
28%
{My} {happiness} is slowly creeping back / Now you're at home / If it ever starts sinking in / It must be when you pack up and go
28%
He's a simple man / With a heart of gold / In a complicated land / Oh he's a {working} {class} {man}
25%
Now listen, / Oh we're steppin' out. / I'm gonna turn around, / Gonna turn around once and we'll do the {Eagle} {Rock}.
25%
I'm like a rubber band until you pull too hard / I may snap and I move fast / But you won't see me fall apart / Cos I've got an {elastic} {heart}
22%
Broken boned, gettin′ had, gettin' took / I tell you folks it′s harder than it looks / {It's} {a} {long} {way} {to} {the} {top} {if} {you} {wanna} {rock} {′n'} {roll}
19%
Woh-ho-oh-oh, when my baby (when my baby) / When my baby smiles at me {I} {go} {to} {Rio}
19%
Hey there, {Georgy} {girl} / Swinging down the street so fancy-free / Nobody you meet could ever see the loneliness there inside you
16%
Oh it's-a lonesome away from your kindred and all / By the campfire at night, we'll hear the wild dingoes call / But there's-a nothing so lonesome, morbid or drear / Than to stand in the bar of {a} {pub} {with} {no} {beer}
16%
You cut out a piece of me, and now I bleed internally / Left here {without} {you} (no, no, no), {without} {you} (ooh, ooh)
13%
Looking everywhere 'cause I had to find you / This is not the way that I remember it here / Anyone will tell you its a prisoner island / Hidden in the summer for a million years / {Great} {Southern} {Land}, burned you black
6%
{We} {are} {the} {people} that rule the world / A force running in every boy and girl / All rejoicing in the world / Take me now' we can try
6%
On the last day I took her {where} {the} {wild} {roses} {grow} / She lay on the bank, the wind light as a thief / And I kissed her goodbye, said "All beauty must die" / And I knelt down and planted a rose between her teeth
3%
Said to us come take our hand / Sent us off to mission land. / Taught us to read, to write and pray / Then they {took} {the} {children} {away}
3%
{I} {can't} {say} {goodbye} {to} {you} / No matter how i tried you're such a part of me / Without you, i would die deep in the heart of me / I know that you and i were meant to be be forever
0%
It gets in your eyes / It's making you cry / Don't know what to do / Don't know what to do / You're looking for love / Calling heaven above / {Send} {me} {an} {angel} / {Send} {me} {an} {angel} / Right now, right now
0%
When it's pretty time / Look into your mind / Don't wait / I'm gonna {get} {free} (3x)
0%
No matching quizzes found
Score Distribution
Percent of People with Each Score
Percentile by Number Answered
Your Score History
You have not taken this quiz